Normal view
MARC view
Entry Uniform Title
001 - CONTROL NUMBER
- control field: 53518
003 - CONTROL NUMBER IDENTIFIER
- control field: dpl
005 - DATE AND TIME OF LATEST TRANSACTION
- control field: 20121102122430.0
008 - FIXED-LENGTH DATA ELEMENTS
- fixed length control field: 121102|||a|||||| | ||| d
040 ## - CATALOGING SOURCE
- Original cataloging agency: dpl
- Transcribing agency: dpl
130 ## - HEADING--UNIFORM TITLE
- Uniform title: Zac power:
- Form subdivision: 24 hours to save the world...and get home for dinner
670 ## - SOURCE DATA FOUND
- Source citation: Work cat.: (dpl)60010: Larry, H.I. 53517, Frozen fear /, 2006
670 ## - SOURCE DATA FOUND
- Source citation: Work cat.: (dpl)60010: Larry, H.I. 53517, Frozen fear /, 2006
